[Event "Portela Memorial tt"]
[Site "Havana"]
[Date "2018.07.22"]
[Round "6.2"]
[White "Gonzalez Gomez, Ariel"]
[Black "Perez Perez, Fidel"]
[Result "0-1"]
[WhiteElo "1745"]
[BlackElo "1770"]
[PlyCount "103"]
[EventDate "2018.07.16"]
[EventType "team-tourn"]
[EventRounds "9"]
[EventCountry "CUB"]
[SourceTitle "EXT 2021"]
[Source "ChessBase"]
[SourceDate "2020.10.23"]
[SourceVersion "1"]
[SourceVersionDate "2020.10.23"]
[SourceQuality "1"]

1. d4 d5 2. Nf3 Nf6 3. c4 e6 4. Nc3 Be7 5. Bg5 c6 6. e3 Ne4 7. Bxe7 Qxe7 8. Bd3 f5 9. 0-0 Nd7 10. cxd5 exd5 11. a3 0-0 12. Rc1 Ndf6 13. b4 a6 14. Na4 Nd7 15. Nc5 Ndxc5 16. bxc5 g6 17. Bxe4 fxe4 18. Ne5 Qg5 19. Qe2 Bh3 20. f4 exf3 21. Rxf3 Rxf3 22. Nxf3 Bg4 23. Rf1 Qe7 24. h3 Bxf3 25. Rxf3 Re8 26. Qf2 Qe4 27. Qb2 Re7 28. Qb6 Rd7 29. Qa7 Qe8 30. Qb6 Re7 31. Qb3 Qd8 32. Qc3 Qc7 33. Qb3 Qa5 34. Qb4 Qb5 35. Qxb5 axb5 36. Kf2 Re8 37. g4 Ra8 38. e4 dxe4 39. Re3 Re8 40. Kg3 g5 41. Kf2 Kf7 42. Ke2 Ra8 43. Kd2 Ra4 44. Rxe4 Rxa3 45. Re3 Rxe3 46. Kxe3 Ke6 47. Ke4 b4 48. d5+ cxd5+ 49. Kd4 b3 50. Kc3 Ke5 51. Kxb3 Ke4 52. Kc3 0-1

[Event "Portela Memorial tt"]
[Site "Havana"]
[Date "2018.07.22"]
[Round "7.4"]
[White "Perez Perez, Fidel"]
[Black "Hernandez Meilan, Manuel"]
[Result "1-0"]
[WhiteElo "1770"]
[BlackElo "1825"]
[PlyCount "93"]
[EventDate "2018.07.16"]
[EventType "team-tourn"]
[EventRounds "9"]
[EventCountry "CUB"]
[SourceTitle "EXT 2021"]
[Source "ChessBase"]
[SourceDate "2020.10.23"]
[SourceVersion "1"]
[SourceVersionDate "2020.10.23"]
[SourceQuality "1"]

1. e4 e5 2. Nf3 Nc6 3. Bb5 a6 4. Ba4 Nf6 5. 0-0 Nxe4 6. Bxc6 bxc6 7. Nxe5 Be7 8. Re1 Nf6 9. Qe2 c5 10. Nc3 Bb7 11. d3 0-0 12. Bg5 Re8 13. Ng4 d5 14. Bxf6 Bxf6 15. Qf3 Bxc3 16. bxc3 Qg5 17. Qg3 d4 18. c4 h5 19. Ne5 Qxg3 20. hxg3 Bc8 21. Nc6 Be6 22. Re5 g6 23. Rxc5 Bd7 24. Nxd4 c6 25. Kf1 Rab8 26. Re1 Rec8 27. a4 Kf8 28. a5 Rb2 29. f3 f6 30. Re2 Kf7 31. Ke1 Rc7 32. Kd2 Rb8 33. Nb3 Be8 34. d4 Rd8 35. Kc3 Rd6 36. Re3 Re7 37. Rxe7+ Kxe7 38. d5 Kd8 39. Nd4 cxd5 40. cxd5 Bf7 41. Nc6+ Kd7 42. Kd4 Bg8 43. Nb4 Bf7 44. c4 Be8 45. Rc6 Rxc6 46. Nxc6 Kc7 47. Nb4 1-0